Ako som súhlasil s Bushom

Bibliographic Details
Main Author: Chmelár, Eduard, 1971- (Author)
Format: Article
Language:Slovak
PhysicalDescription:Obr.
ISSN:1335-468X
Subjects:

MARC

LEADER 00000nab a2200000 ar4500
001 vtls009003025
003 SK-MaSNL
005 20260303065530.0
008 070627c2007 xo wr|p|||||||000 b|slo
015 |a SNBRB2007/06  |2 snkbucl 
040 |a SNKBUCL  |b slo  |c SNKBUCL  |e AACR2 
041 0 |a slo 
044 |a xo  |c SK 
080 |a 327  |x (73)  |2 2001 
080 |a 32-051  |2 2001 
080 |a 342.511  |x (73)  |2 2001 
100 1 |a Chmelár, Eduard,  |d 1971-  |4 aut  |9 92992 
245 1 0 |a Ako som súhlasil s Bushom  |c Eduard Chmelár 
300 |b Obr. 
610 1 7 |a Spojené štáty americké.  |b Prezident (2001-2009 : Bush)  |2 snkbucl  |9 194317 
655 7 |a úvahy  |2 snkbucl  |9 29403 
773 0 |t Slovo : spoločensko-politický týždenník  |g Roč. IX, č. 24 (2007), s. [1]  |x 1335-468X 
852 |a SNK  |b KIS3GCP 
958 |a US 
999 |c 1751584  |d 1753514